CINEMA NUOVO, ANNO 04-N.070/071 (10/25 NOVEMBRE 1955) (Record n. 116102)

Dettagli MARC
000 -LEADER
fixed length control field 00949nas a2200277Ia 4500
001 - CONTROL NUMBER
control field R010/67365
003 - CONTROL NUMBER IDENTIFIER
control field IT-RoPAU
008 - FIXED-LENGTH DATA ELEMENTS--GENERAL INFORMATION
fixed length control field 151124c99999999xx |||||||||||| ||und||
040 ## - CATALOGING SOURCE
Original cataloging agency IT-RoPAU
040 ## - CATALOGING SOURCE
Transcribing agency IT-RoPAU
041 ## - LANGUAGE CODE
Language code of text/sound track or separate title ITALIANO
100 ## - MAIN ENTRY--PERSONAL NAME
Personal name Martini Stelio
Miscellaneous information Codice Aut. SPICS: 4087
210 ## - ABBREVIATED TITLE
Abbreviated title CINEMA NUOVO
222 ## - KEY TITLE
Key title Cinema Nuovo
245 ## - TITLE STATEMENT
Title CINEMA NUOVO, ANNO 04-N.070/071 (10/25 NOVEMBRE 1955)
Remainder of title Natale E Luisa
250 ## - EDITION STATEMENT
Edition statement 1a ed.
260 ## - PUBLICATION, DISTRIBUTION, ETC. (IMPRINT)
Place of publication, distribution, etc. MILANO
Name of publisher, distributor, etc. CINEMA NUOVO
Date of publication, distribution, etc. 1955
300 ## - PHYSICAL DESCRIPTION
Extent 8 p. [377-384]
362 ## - DATES OF PUBLICATION AND/OR SEQUENTIAL DESIGNATION
Dates of publication and/or sequential designation ANNO 004, N.070/071 (10/25 NOVEMBRE 1955)
501 ## - WITH NOTE
-- Paulus - SPICS - Società San Paolo EM (non-commercial uses only)
-- Copyright2015
500 ## - GENERAL NOTE
General note Inchiesta Fotodocumentario dei Protagonisti del Film di De Sica/Zavattini "Il Tetto" Due Giovani Presi Dal Popolo.
650 ## - SUBJECT ADDED ENTRY--TOPICAL TERM
Topical term or geographic name as entry element CINEMA
Form subdivision PUBBLICAZIONE PERIODICA
700 ## - ADDED ENTRY--PERSONAL NAME
Personal name Scheler Max
700 ## - ADDED ENTRY--PERSONAL NAME
Miscellaneous information Codice Aut. SPICS: 279
942 ## - ADDED ENTRY ELEMENTS (KOHA)
Koha item type RIVISTA
Dati di copia
Withdrawn status Lost status Damaged status Not for loan Home library Current library Date acquired Total Checkouts Full call number Date last seen Price effective from Koha item type Public note
    Buone Condizioni Not For Loan SPICS-MEDIATECA SPICS-MEDIATECA 25/11/2015   R010/67365 25/11/2015 25/11/2015 RIVISTA Progr. Ins: 19774 / Copia rara: NO / date import: 25.11.2015 / By Epidotti, Trombetti, Vaglietti
CREDITS: SOCIETA' SAN PAOLO Via A.Severo, 58 - ROMA (RM) & PERIODICI SAN PAOLO SRL Via Giotto, 36 MILANO & CISF Via Giotto, 36 MILANO & EDIZIONI SAN PAOLO SRL,  Piazza Soncino, 5 CINISELLO BALSAMO (MI) -- ITALY